Women and literacy / (Record no. 134873)

MARC details
000 -LEADER
fixed length control field 00788nam a22002657a 4500
003 - CONTROL NUMBER IDENTIFIER
control field dpl
005 - DATE AND TIME OF LATEST TRANSACTION
control field 20190104144502.0
008 - FIXED-LENGTH DATA ELEMENTS--GENERAL INFORMATION
fixed length control field 190104b ||||| |||| 00| 0 eng d
010 ## - LIBRARY OF CONGRESS CONTROL NUMBER
LC control number A-878428
020 ## - INTERNATIONAL STANDARD BOOK NUMBER
Terms of availability 00.00
035 ## - SYSTEM CONTROL NUMBER
System control number A-878428
037 ## - SOURCE OF ACQUISITION
Source of stock number/acquisition Cen Lib/Ret
040 ## - CATALOGING SOURCE
Original cataloging agency DPL
Language of cataloging EN
Transcribing agency dpl
082 ## - DEWEY DECIMAL CLASSIFICATION NUMBER
Classification number 376
Item number WOM
245 ## - TITLE STATEMENT
Title Women and literacy /
Statement of responsibility, etc edited by Alka Raghuvanshi; illustrated by Phal S. Girota [and] Kamal Sahi
260 ## - PUBLICATION, DISTRIBUTION, ETC. (IMPRINT)
Place of publication, distribution, etc New Delhi
Name of publisher, distributor, etc National Literary Mission
270 ## - ADDRESS
City New Delhi
300 ## - PHYSICAL DESCRIPTION
Extent 130p.:
Dimensions 27cm(Hb)
Other physical details ill.
650 ## - SUBJECT ADDED ENTRY--TOPICAL TERM
Topical term or geographic name as entry element Education
9 (RLIN) 1169
650 ## - SUBJECT ADDED ENTRY--TOPICAL TERM
Topical term or geographic name as entry element Women literacy
9 (RLIN) 42039
700 ## - ADDED ENTRY--PERSONAL NAME
Personal name Raghuvanshi, Alka
9 (RLIN) 41919
700 ## - ADDED ENTRY--PERSONAL NAME
Personal name Girota, Phal S.
9 (RLIN) 42035
700 ## - ADDED ENTRY--PERSONAL NAME
Personal name Sahi, Kamal
9 (RLIN) 42036
942 ## - ADDED ENTRY ELEMENTS (KOHA)
Source of classification or shelving scheme Dewey Decimal Classification
Koha item type English Books
Classification part 376
Call number suffix WOM
Holdings
Withdrawn status Lost status Source of classification or shelving scheme Damaged status Not for loan Collection code Home library Current library Date acquired Source of acquisition Cost, normal purchase price Total Checkouts Full call number Barcode Date last seen Copy number Cost, replacement price Price effective from Koha item type
    Dewey Decimal Classification     Reference Central Library Central Library 31/07/2015 Cen Lib/Ret 0.00   376 WOM A-878428 31/07/2015 1 0.00 31/07/2015 English Books
    Dewey Decimal Classification       Central Library Central Library 10/10/2016   0.00   376 WOM A-952732 10/10/2016 2   10/10/2016 English Books

© Delhi Public Library
Hit Counter
free hit counter